| Record ID | marc_records_scriblio_net/part20.dat:122496563:1022 |
| Source | Scriblio |
| Download Link | /show-records/marc_records_scriblio_net/part20.dat:122496563:1022?format=raw |
LEADER: 01022cam 22002417a 4500
001 88944710 //r90
003 DLC
005 19900330072221.6
007 heuamb---baca
007 herbmb---baaa
008 890427r19891984io b f00000 ind
010 $a 88944710 //r90
025 $aIo 11076
040 $aDLC$cDLC$dDLC
043 $aa-io---
050 00 $aMicrofiche 88/80938 (Z)
245 00 $aBuku petunjuk pameran temporer museum tentang naskah$h[microform] :$bdengan tema melalui pameran naskah kita sebar luaskan khasanah budaya bangsa yang terkandung didalamnya /$cdisusun oleh Drs. Bandi ... [et al.].
260 0 $a[Surabaya] :$bProyek Pengembangan Permuseuman Jawa Timur,$c[1984]
300 $aiii, 26 p. :$bill., facsims. ;$c24 cm.
500 $aOn Javanese manuscripts in Jawa Timur.
500 $aMaster microform held by: DLC.
533 $aMicrofiche.$bJakarta :$cLibrary of Congress Office ;$bWashington, D.C. :$cLibrary of Congress Photoduplication Service,$d1989.$e1 microfiche ; 11 x 15 cm.
700 00 $aBandi.